000 01080nam a22003257a 4500
003 CHAP
005 20220329135234.0
008 971013s1962 r 00010 d
010 _a33119
011 _a34091
035 _a38207
040 _cCHAP
090 _aFolleto 4962
100 0 0 _aElías Calles, Enrique.
_936412
245 _aEstablecimiento de un huerto de cítricos
260 _aMonterrey, N.L. :
_bDepartamento de Agricultura y Ganadería,
_c1962
300 _a16 p.
_b: ilus.
590 _aBATCH-UPD
_b10
_c20130110
_lUCH01
_h1805
590 _aBATCH-UPD
_b10
_c20130410
_lUCH01
_h1140
590 _aBATCH-UPD
_b10
_c20130914
_lUCH01
_h0958
590 _aCONVERSION
_b10
_c20130109
_lUCH01
_h1319
650 1 4 _aCítricos.
_924392
700 0 _aNieto H., Víctor.
_981267
901 _aBK
942 _cFOLL
949 _aFolleto 4962
_bBC
_cBPP
_d-87333
_eBPP
_fc.4
_i38207
_si
949 _aFolleto 4962
_bBC
_cFOLL
_d-87330
_eTS1
_i38207
_si
949 _aFolleto 4962
_bBC
_cFOLL
_d-87331
_eTS2
_fc.2
_i38207
_si
949 _aFolleto 4962
_bBC
_cFOLL
_d-87332
_eTS2
_fc.3
_i38207
_si
999 _c33119
_d33119